|
|
|
|
| LEADER |
00000 a2200000 4500 |
| 003 |
CL-VaPUC |
| 005 |
20201216203559.0 |
| 008 |
201216b ||||| |||| 00| 0 eng d |
| 999 |
|
|
|c 432334
|d 432332
|
| 020 |
|
|
|a 9786076222249
|
| 040 |
|
|
|c Pontificia Universidad Católica de Valparaíso
|
| 082 |
|
|
|a 658.4038 JOY 2015
|
| 100 |
|
|
|a Joyanes Aguilar, Luis
|9 582884
|e author
|
| 245 |
|
|
|a Sistemas de Información en la Empresa.
|b El impacto de la nube, la movilidad y los medios sociales
|
| 250 |
|
|
|a Primera edición
|
| 260 |
|
|
|a Buenos Aires, Argentina
|b Alfaomega
|c 2015
|
| 300 |
|
|
|a 592 páginas
|
| 583 |
|
|
|k Hugo Gaete
|c 20201216
|
| 650 |
|
|
|a Empresas
|x Sistemas de información
|9 858884
|
| 942 |
|
|
|2 ddc
|c BK
|
| 952 |
|
|
|0 0
|1 0
|2 ddc
|4 0
|6 658_403800000000000_JOY_2015
|7 0
|8 A
|9 577179
|a BIBING
|b BIBING
|d 2020-12-15
|e 82
|g 41500.00
|i 5579988
|o 658.4038 JOY 2015
|p 5579988
|r 2025-01-20
|t 1
|v 41500.00
|w 2020-12-15
|y BK
|k CCI
|
| 952 |
|
|
|0 0
|1 0
|2 ddc
|4 0
|6 658_403800000000000_JOY_2015
|7 0
|8 A
|9 577180
|a BIBING
|b BIBING
|d 2020-12-15
|e 82
|g 41500.00
|i 557997K
|o 658.4038 JOY 2015
|p 557997K
|r 2025-01-20
|t 2
|v 41500.00
|w 2020-12-15
|y BK
|k CCI
|